00773nam a2200205 a 450000100100000000500170001000800410002704000250006808200150009310000280010824000380013624501070017426000310028130000320031249000170034470000520036183000240041395201130043799900170055000003693820200930080032.0120207s1967 sp d 000 0 spa d aDO-SdBNPbspacBNPHU axxxbF593e1 aFleck, George M.96333710aEquilibria in Solutionlespañol10aEquilibrios en disolución /cGeorge M. Fleck ; version española José María Storch de García. aMadrid :bAlhambra,c1967. a286 p. :bdiagrs. ;c21 cm.1 aQuímicav61 aStorch de García, José María,etr.963338 0aQuímicav6962322 001050718MOaGRbGRcCTd2012-02-07iLF1l0oxxx F593ep36938-10r2020-06-25w2020-06-25y1ZNo se presta c36428d36428